Normal view MARC view
  • KUMAR, DR. VERENDRA & ADKARPATIL, DR. PRAFULLA P. AND MISHRA, KISLAY KUMAR AND KUMAR VAIBHAV

Entry Personal Name

Number of records used in: 1

001 - CONTROL NUMBER

  • control field: 8569

003 - CONTROL NUMBER IDENTIFIER

  • control field: JRU

005 - DATE AND TIME OF LATEST TRANSACTION

  • control field: 20240920105838.0

008 - FIXED-LENGTH DATA ELEMENTS

  • fixed length control field: 240920|| aca||aabn | a|a d

040 ## - CATALOGING SOURCE

  • Original cataloging agency: JRU
  • Transcribing agency: JRU

100 ## - HEADING--PERSONAL NAME

  • Personal name: KUMAR, DR. VERENDRA & ADKARPATIL, DR. PRAFULLA P. AND MISHRA, KISLAY KUMAR AND KUMAR VAIBHAV

670 ## - SOURCE DATA FOUND

  • Source citation: Work cat.: (JRU)8698: KUMAR, DR. VERENDRA & ADKARPATIL, DR. PRAFULLA P. AND MISHRA, KISLAY KUMAR AND KUMAR VAIBHAV, SOCIAL PHARMACY [D.PHARMA. 1ST YEAR ]